| 000 | 00299nam a2200109Ia 4500 | ||
|---|---|---|---|
| 082 | _a338.9607 BUSI | ||
| 245 | 0 | _aHamann, Ralph | |
| 100 |
_aThe bisiness of sustainable development in south africa _930831 |
||
| 942 |
_cBK _y561 _zJohn Tresidder |
||
| 020 | _a9781868885275" | ||
| 008 | 210816s9999 xx 000 0 und d | ||
| 999 |
_c114856 _d114855 |
||